Statistiche per Calciatori con almeno 400 presenze in Serie A

Clicka qui per fare il quiz!

Statistiche generali

  • Questo quiz è stato fatto 225 volte
  • Il punteggio medio è 25 su 75

Statistiche sulle risposte

PresenzeNazioneStagioni in Serie ACalciatorePresenze per squadra% Corretto
657Italia1995-2006, 2007-2018, 2019-2021Gianluigi BuffonParma 168, Juventus 489
97%
619Italia1992-2017Francesco TottiRoma 619
96%
615Argentina1995-2014Javier ZanettiInter 615
89%
478Italia1993−2006, 2007−2012Alessandro Del PieroJuventus 478
78%
647Italia1984-2009Paolo MaldiniMilan 647
75%
470Italia1977−1980, 1981-1982, 1983-1997Franco BaresiMilan 470
74%
493Italia1994–1995, 1997−2015Andrea PirloBrescia 40, Inter 22, Reggina 28, Milan 284, Juventus 119
71%
541Italia1981-2000Roberto ManciniBologna 30, Sampdoria 424, Lazio 87
71%
452Italia1986-2004Roberto BaggioFiorentina 94, Juventus 141, Milan 51, Inter 41, Brescia 95
69%
560Slovenia2004−2006, 2007-Samir HandanovičUdinese 182, Trevso 3, Lazio 1, Inter 374
69%
445Italia2002-2016Antonio Di NataleEmpoli 60, Udinese 385
68%
430Italia2004-2006, 2007-2022Giorgio ChielliniFiorentina 37, Juventus 393
65%
424Italia2005-2006, 2009-Leonardo BonucciInter 1, Bari 38, Juventus 350, Milan 35
64%
459Italia2002-2019Daniele De RossiRoma 459
63%
417Italia1993-2012Alessandro NestaLazio 193, Milan 224
61%
549Italia1999−2000, 2001-2002, 2005-Fabio QuagliarellaTorino 55, Ascoli 33, Sampdoria 270, Udinese 73, Napoli 34, Juventus 84
60%
493Macedonia del Nord2003−2014, 2015−2022Goran PandevAncona 20, Lazio 159, Inter 46, Napoli 92, Genoa 176
59%
519Italia1980-1999Giuseppe BergomiInter 519
55%
459Italia2002−2007, 2008−2019Sergio PellissierChievo 459
55%
400Italia1999−2006, 2007−2016Antonio CassanoBari 48, Roma 118, Sampdoria 120, Milan 33, Inter 28, Parma 53
54%
570Italia1961−1962, 1963−1965, 1966−1983Dino ZoffUdinese 4, Mantova 93, Napoli 143, Juventus 330
54%
527Italia1958-1979Gianni RiveraAlessandria 26, Milan 501
54%
458Italia1987-2007Alessandro CostacurtaMilan 458
53%
409Slovacchia2004-2005, 2007-2019Marek HamšíkBrescia 1, Napoli 408
53%
412Italia1952-1967Cesare MaldiniTriestina 32, Milan 347, Torino 33
51%
409Italia1958−1959, 1960-1976Lido VieriTorino 269, Inter 140
49%
417Italia1960-1977Sandro MazzolaInter 417
48%
500Italia1984-2005Ciro FerraraNapoli 247, Juventus 253
47%
537Italia1929-1943, 1946-1947, 1948-1954Silvio PiolaPro Vercelli 127, Lazio 227, Juventus 28, Novara 155
46%
514Italia1999-2014, 2015-2017Alberto GilardinoPiacenza 17, Hellas Verona 39, Parma 96, Milan 94, Fiorentina 132, Genoa 50, Bologna 36, Palermo 33, Empoli 14, Pescara 3
42%
460Italia2008-2010, 2011-Andrea ConsigliAtalanta 153, Ssssuolo 307
39%
454Italia2007-2008, 2009-Antonio CandrevaUdinese 3, Livorno 19, Juventus 16, Parma 31, Cesena 18, Lazio 151, Inter 124, Sampdoria 71, Salernitana 21
39%
592Italia1987−2005, 2006−2007Gianluca PagliucaSampdoria 198, Inter 165, Bologna 206, Ascoli 23
39%
459Brasile/Italia1958-1976José AltafiniMilan 205, Napoli 180, Juventus 74
35%
422Italia1999-2006, 2007-2018Paolo CannavaroParma 92, Hellas Verona 24, Napoli 197, Sassuolo 109
33%
421Italia1992−2006, 2009−2010Fabio CannavaroNapoli 58, Parma 212, Inter 50, Juventus 101
32%
478Italia1987-2007Angelo PeruzziRoma 16, Hellas Verona 29, Juventus 208, Inter 33, Lazio 192
31%
475Italia1960-1978Giacinto FacchettiInter 475
28%
443Italia1946-1961Giampiero BonipertiJuventus 443
25%
411Italia2006-Lorenzo De SilvestriLazio 47, Fiorentina 74, Sampdoria 109, Torino 112, Bologna 69
22%
446Francia1998-201Sébastien FreyInter 35, Hellas Verona 30, Parma 132, Fiorentina 175, Genoa 74
22%
402Italia1998-2013Simone PerrottaJuventus 5, Bari 55, Chievo 95, Roma 246
21%
562Italia1980-2000Pietro VierchowodComo 30, Fiorentina 28, Roma 30, Sampdoria 358, Juventus 21, Milan 16, Piacenza 79
19%
404Italia1978−1980, 1981-1982, 1983-1997Mauro TassottiLazio 41, Milan 3363
18%
419Italia1998−2007, 2009−2016Morgan De SanctisJuventus 3, Udinese 194, Napoli 147, Roma 75
17%
401Italia1968-1985Paolo PuliciTorino 335, Udinese 26, Fiorentina 40
16%
446Italia2000-2018Dario DainelliLecce 14, Hellas Verona 13, Brescia 60, Fiorentina 141, Genoa 57, Chievo 161
15%
486Italia1989−1990, 1991−2010Giuseppe FavalliCremonese 59, Lazio 298, Inter 49, Milan 80
15%
422Italia1988−1989, 1990-2005Luca MarchegianiTorino 113, Lazio 243, Chievo 66
14%
460Italia1967−1968, 1969-1986Franco CausioJuventus 305, Palermo 22, Udinese 83, Inter 24, Lecce 26
13%
496Italia1977-1995Giovanni GalliFiorentina259, Milan 98, Napoli 98, Torino 31, Parma 10
13%
405Italia1965-1980Giuseppe SavoldiAtalanta 57, Bologna 230, Napoli 118
12%
532Italia1958−1959, 1960-1980Enrico AlbertosiNovara 185, Cagliari 177, Mlan 170
11%
436Italia1958-1974Mario CorsoInter 413, Genoa 23
11%
494Italia1958-1977Tarcisio BurgnichUdinese 8, Juventus 13, Palermo 31, Inter 358, Napoli 84
10%
416Italia1991−1993, 1994−1995, 1996−1997, 1998-2006, 2008−2009, 2010−2012Francesco AntonioliMilan 13, Reggiana 30, Bologna 100, Roma 102, Sampdoria 104, Cesena 67
9%
400Svezia1956−1971Kurt HamrinJuventus 23, Padova 30, Fiorentina 289, Milan 36, Napoli 22
9%
423Italia1936−1938, 1939-1943, 1946-1956Amedeo AmadeiRoma 182, Inter 70, Napoli 171
8%
411Italia2004-2019Massimo GobbiCagliari 71, Fiorentina 81, Parma 171, Chievo 88
8%
469Italia1929−1943, 1946-1950Pietro FerrarisPro Vercelli 86, Napoli 83, Inter 139, Torino 104, Novara 57
7%
478Italia1960-1979Giancarlo De SistiRoma 222,, Fiorentina 256
6%
405Italia1986-2003Diego FuserTorino 49, Milan 35, Fiorentina 32, Lazio 188, Parma 86, Roma 15
5%
426Italia1946-1960Giacomo MariAtalanta 113, Juventus 133, Sampdoria 70, Padova 110
5%
405Italia2000−2016, 2018-2019Matteo BrighiJuventus 11, Bologna 55, Parma 22, Brescia 29, Chievo 89, Roma 108, Atalanta 11, Torino 39, Sassuolo 31, Empoli 10
5%
405Italia1960-1975Giorgio FerriniTorino 405
4%
401Italia1929−1943, 1947-1948Carlo ReguzzoniPro Patria 42, Bologna 359
3%
425Italia1956-1972Francesco JanichAtalanta 38, Lazio 93, Bologna 294
3%
403Italia1970-1985Luciano CastelliniTorino 201, Napoli 202
3%
403Italia1958-1974Sandro SalvadoreMilan 72, Juventus 331
3%
466Italia1948-1964Sergio CervatoFiorentina 316, Juventus 62, SPAL 88
3%
401Italia1946-1959Gino ArmanoAlessandria 57, Inter 255, Torino 89
2%
403Italia1938−1940, 1941-1943, 1946-1954, 1955-1957, 1958-1959Lucidio SentimentiModena 53, Juventus 129, Lazio 170, Vicenza 48, Torino 3
2%
403Italia1955-1971Romano FogliTorino 49, Bologna 285, Milan 473, Catania 26
2%
406Italia1967-1983Sergio SantariniInter 14, Roma 344, Catanzaro 48
2%
400Italia1930−1943, 1946-1951Teobaldo DepetriniPro Vercelli 66, Juventus 304, Torino 30
2%

Distribuzione punteggi

Percentile per numero di risposta

Percentuale di utenti per punteggio

I tuoi punteggi nel tempo

Non hai fatto questo quiz